| 000 | 00790cam a2200265 4500 | ||
|---|---|---|---|
| 001 | B3406 | ||
| 008 | 090401t1990 xxu||||| |||| 00| 0 eng d | ||
| 035 | _a(Sirsi) u55871 | ||
| 041 | _aeng | ||
| 050 | _a692.5 | ||
| 090 | _aRICS 1990/83ABC | ||
| 110 |
_aRoyal Institution of Chartered Surveyors _bQuantity Surveyors' Division _91263 |
||
| 245 | 4 | _aThe members` conference. Birmingham Metropole 18-20 October 1990 | |
| 260 | _c1990 | ||
| 300 | _a4 papers | ||
| 350 | _a0 | ||
| 520 | _aPapers by Brandon, P., Howard, R., Hollis, P. and Vickers, C. | ||
| 650 | _aANNUAL CONFERENCE 1990 | ||
| 650 | _aCOMPUTERS | ||
| 650 | _aINSTITUTION AND COLLEGE CONFERENCES | ||
| 650 | _aMEMBERS CONFERENCE 1990 | ||
| 650 |
_aQuantity surveying _96263 |
||
| 942 | _n0 | ||
| 948 | _c04/03/1997 | ||
| 999 |
_c93666 _d93666 |
||